00792nam a2200229 a 450000100060000000300080000600500170001400800410003102000170007203500190008904000320010804100110014008200290015124501120018026000490029230000270034150000710036850400290043965000240046865100480049270000220054032432BD-RjUL20211209051832.0140426s1987 ii b 000 0 eng d a8185054274 : a(BD-RjUL)32521 aDLCcDLCdDLCdBD-RjULbeng1 aengfre00a320.917671220bISL 198910aIslam and the state in the world today /cedited by Olivier Carré ; with an introduction by Imtiaz Ahmad. aNew Delhi :bManohar,c1987 [Reprinted 1989] axxix, 280 p. ;c22 cm. aTranslation of: LʾIslam et lʾEtat dans le monde dʾaujourdʾhui. aIncludes bibliographies. 0aIslam and politics. 0aIslamic countriesxPolitics and government.1 aCarré, Olivier.